ياسمينة و الأرنب المغامر / (رقم التسجيلة. 36611)

تفاصيل مارك
000 -LEADER
fixed length control field 00668nam a22002057a 4500
005 - DATE AND TIME OF LATEST TRANSACTION
control field 20251108170001.0
008 - FIXED-LENGTH DATA ELEMENTS--GENERAL INFORMATION
fixed length control field 250721s1997 xx 000 0 ara d
020 ## - INTERNATIONAL STANDARD BOOK NUMBER
International Standard Book Number 9770254622
082 14 - DEWEY DECIMAL CLASSIFICATION NUMBER
Classification number ط/ ق/ياس
100 1# - MAIN ENTRY--PERSONAL NAME
Personal name لويس، آمال
Relator term Tran.
245 10 - TITLE STATEMENT
Title ياسمينة و الأرنب المغامر /
264 1# - PRODUCTION, PUBLICATION, DISTRIBUTION, MANUFACTURE, AND COPYRIGHT NOTICE
Place of production, publication, distribution, manufacture القاهره :
Name of producer, publisher, distributor, manufacturer دار المعارف للطبعة العربية،
Date of production, publication, distribution, manufacture, or copyright notice [1997].
300 ## - PHYSICAL DESCRIPTION
Extent 10ص.
490 0# - SERIES STATEMENT
Series statement مغامرات ياسمينة
650 17 - SUBJECT ADDED ENTRY--TOPICAL TERM
Topical term or geographic name as entry element القصص العربية
653 ## - INDEX TERM--UNCONTROLLED
Uncontrolled term أطفال مرحلة متوسطة (6-9 سنوات)
700 1# - ADDED ENTRY--PERSONAL NAME
Personal name تادرس، اريت فايز
942 ## - ADDED ENTRY ELEMENTS (KOHA)
Source of classification or shelving scheme Dewey Decimal Classification
Koha item type كتب
المقتنيات
حالة السحب حالة الفقدان مصدر التصنيف حالة التلف غير قابل للإعارة المكتبة الرئيسية المكتبة الحالية موقع الرف تاريخ التزويد الرقم المتسلسل Total Checkouts رقم الإستدعاء تاريخ آخر ظهور تاريخ الفاتورة نوع المادة (كوها) الباركود
    Dewey Decimal Classification     مكتبة أم المؤمنين للأطفال مكتبة أم المؤمنين للأطفال الأطفال 28/07/2025 419439   ط/ ق/ياس 28/07/2025 28/07/2025 كتب 419439
    Dewey Decimal Classification Unchecked   مكتبة أم قصير والمقابلين العامة مكتبة أم قصير والمقابلين العامة الأطفال 06/07/2004 360202   ط/ ق/ياس 28/07/2025 06/07/2004 كتب  
    Dewey Decimal Classification     مكتبة الأميرة ايمان العامة مكتبة الأميرة ايمان العامة الأطفال 18/12/2013 360187   ط/ ق/ياس 28/07/2025 18/12/2013 كتب PLD00290560
    Dewey Decimal Classification     مكتبة الحسن العامة مكتبة الحسن العامة الأطفال 23/02/2019 [03686]   ط/ ق/ياس 28/07/2025 23/02/2019 كتب PLD00445647
    Dewey Decimal Classification Unchecked   مكتبة النصر العامة مكتبة النصر العامة الأطفال 06/07/2004 360199   ط/ ق/ياس 28/07/2025 06/07/2004 كتب  
    Dewey Decimal Classification Unchecked   مكتبة حمزة العامة مكتبة حمزة العامة الأطفال 06/07/2004 360196   ط/ ق/ياس 28/07/2025 06/07/2004 كتب  
    Dewey Decimal Classification Unchecked   مكتبة صويلح العامة مكتبة صويلح العامة الأطفال 06/07/2004 360200   ط/ ق/ياس 28/07/2025 06/07/2004 كتب  
    Dewey Decimal Classification Unchecked   مكتبة صويلح العامة مكتبة صويلح العامة الأطفال 06/07/2004 4989   ط/ ق/ياس 28/07/2025 06/07/2004 كتب  
    Dewey Decimal Classification     مكتبة وادي السير العامة مكتبة وادي السير العامة الأطفال 06/07/2004 360192   ط/ ق/ياس 28/07/2025 06/07/2004 كتب 360192
    Dewey Decimal Classification     مكتبة وادي السير العامة مكتبة وادي السير العامة الأطفال 13/01/2016 [2267]   ط/ ق/ياس 28/07/2025 13/01/2016 كتب PLD00368921
Implemented & Customized by: BBB with SCIT (Smart Chains for Information Technology)

Powered by Koha